Les voitures (françaises) de nos parents... grands-parents - Statistiques

Statistiques générales
  • Ce quiz a été pris 152 fois
  • Le résultat moyen est 12 sur 24
Statistiques - réponses
Par images Réponse % Correct
Renault 4L
84%
Citroen 2 cv
81%
Citroen DS
79%
Peugeot 504
67%
Renault 8
66%
Peugeot 203
63%
Peugeot 404
60%
Peugeot 204
59%
Peugeot 304
59%
Citroen Traction Avant
58%
Renault 4 cv
57%
Renault 16
55%
Citroen CX
53%
Peugeot 403
52%
Renault Super 5
51%
Citroen GS
49%
Citroen Ami 6
47%
Peugeot 604
41%
Simca Aronde
33%
Simca 1100
27%
Renault 30
25%
Simca Chambord/Vedette
17%
Simca 1300
12%
Simca Chrysler 160/180
4%
Aucun quiz correspondant
Distribution des résultats
% des personnes avec chaque résultat
Percentile par nombre de réponses
Votre historique - résultats
Vous n’avez pas pris ce quiz